Röntgenterapia maligných tumorov podľa Coutarda v rhinolaryngologii

Bibliographic Details
Main Author: Bányai, Jozef (Author)
Format: Article
Language:Slovak

MARC

LEADER 00000nab a2200000ua 4500
001 vtls010775802
003 SK-MaSNL
005 20260303123410.0
008 230214s1940 xo |||||||||||||||||slo|
035 |a (urnnbn)urn:nbn:sk:snk:ar-a0371c 
035 |a (uuid)f4f94ffc-5e1a-43ca-82dc-8e6b4d2935d3 
035 |a urn:nbn:sk:snk-ab53pe 
040 |a SNKBUCL  |b slo  |c SNKBUCL  |e AACR2 
041 0 |a slo 
044 |a xo  |c SK 
100 1 |a Bányai, Jozef  |4 aut  |9 1139146 
245 1 0 |a Röntgenterapia maligných tumorov podľa Coutarda v rhinolaryngologii  |c Jozef Bányai 
773 0 |t Bratislavské lekárske listy  |g Roč. 20, č. 4 (1940), s. 155-161 
954 |a odborná, vedecká literatúra pôvodná (slovenská)  |2 lita 
958 |a OND 
958 |a EUIPO 
958 |a article3 
999 |c 1925695  |d 1927625